What's It Stand For? Quiz Stats

 Plays Quiz Updated Oct 8, 2018

Challenge
Share
Tweet
Embed
Score 0/64 Timer 10:00
37 Plays Today
% Correct
(and) Sports
89.5%
Network
85.6%
National
82.4%
Hyper-
76.6%
(of) Soviet
76.4%
Association
75.9%
Entertainment
72%
Attention-
71.3%
(of) Animals
71%
Disorder
70%
Syndrome
69.5%
Immune
67.9%
Deficit
65%
Athletic
64.7%
Treatment
63.8%
People
63.2%
Collegiate
59.2%
Deficiency
58.6%
Test
57.3%
Union
54.6%
Medical
54.4%
(for the) Ethical
53.8%
College
47.4%
Hospital
46.2%
Socialist
46.1%
Text
45.1%
Hyperactivity
44.4%
Countries
43.3%
Language
43%
(of) Petroleum
41.9%
Republics
41.4%
Mobile
38.2%
% Correct
Army
37.7%
Organization
37.5%
Programming
36%
International
33.7%
Exporting
32.9%
Acquired
32.1%
Surgical
28.9%
Talks
28.4%
High
27.6%
Royal
25%
Police
24.2%
Canadian
23.5%
Mounted
23.2%
Self-
22.2%
Markup
22.2%
Envelope
22%
Addressed
21.9%
Stamped
21.9%
Arms
21.1%
Strategic
19.4%
Admission
19.3%
Limitation
18.5%
Energy
16.9%
Agency
15.5%
General
15.1%
Atomic
14.5%
(and) Trade
13.4%
Density
13.2%
Agreement
11.6%
(on) Tariffs
10.7%
Poly-
9.9%
ethylene
9%

You're not logged in!

Compare scores with friends on all Sporcle quizzes.
Join for Free
OR
Log In

You Might Also Like...

Show Comments

Extras

Top Quizzes Today


Score Distribution

Your Account Isn't Verified!

In order to create a playlist on Sporcle, you need to verify the email address you used during registration. Go to your Sporcle Settings to finish the process.

Report this User

Report this user for behavior that violates our Community Guidelines.

Details: